[Event "Sparkassen-Open A"]
[Site "Heusenstamm, Martinsee"]
[Date "2018.11.25"]
[Round "6.82"]
[White "SchÃ¤fer, Heiko"]
[Black "Haller, Luis"]
[Result "1-0"]
[WhiteElo "2014"]
[BlackElo "1890"]
[PlyCount "47"]
[EventDate "2018.??.??"]
[WhiteTeam "Potsdamer SV"]
[BlackTeam "SF Konz-Karthaus"]

1. d4 d5 2. Nf3 Nf6 3. c4 c6 4. Nc3 e6 5. g3 Nbd7 6. Bg2 Bd6 7. O-O O-O 8. Nd2
Re8 9. e4 dxe4 10. Ndxe4 Nxe4 11. Nxe4 Be7 12. Bf4 Nf6 13. Be5 Nxe4 14. Bxe4
Bf6 15. Qc2 Bxe5 16. dxe5 h6 17. Rad1 Qa5 18. Rfe1 Rd8 19. b4 Qc7 20. Rxd8+
Qxd8 21. Rd1 Qe7 22. Qd2 Kf8 23. Qd8+ Qe8 24. Qc7 1-0

[Event "Sparkassen-Open A"]
[Site "Heusenstamm, Martinsee"]
[Date "2018.11.25"]
[Round "6.83"]
[White "Altenbernd, Dirk"]
[Black "Begri, Felix"]
[Result "0-1"]
[WhiteElo "1842"]
[BlackElo "2008"]
[PlyCount "76"]
[EventDate "2018.??.??"]
[WhiteTeam "SK TÃ¶nsberg Oerlinghausen"]
[BlackTeam "SV Hofheim"]

1. c4 c5 2. g3 g6 3. Bg2 Bg7 4. Nc3 Nc6 5. Nf3 e6 6. O-O Nge7 7. e3 O-O 8. b3
d5 9. Bb2 b6 10. d3 Bb7 11. Qe2 Nf5 12. Rfd1 d4 13. exd4 Ncxd4 14. Nxd4 Nxd4
15. Qf1 Bxg2 16. Kxg2 Qf6 17. Rab1 Qf3+ 18. Kg1 Rad8 19. Qg2 Qxg2+ 20. Kxg2 Rd7
21. Ne4 Rfd8 22. Rd2 f6 23. f4 f5 24. Nf2 e5 25. Bxd4 Rxd4 26. fxe5 Bxe5 27.
Re2 Bf6 28. Re6 Kf7 29. Rbe1 h5 30. a3 R4d6 31. Rxd6 Rxd6 32. Kf3 g5 33. Rd1
Bd4 34. Rd2 Re6 35. Nd1 Kf6 36. Kg2 a5 37. a4 Re1 38. h3 Ke5 0-1

[Event "Sparkassen-Open A"]
[Site "Heusenstamm, Martinsee"]
[Date "2018.11.25"]
[Round "6.84"]
[White "Rettig, Helge"]
[Black "Browning, Rebecca"]
[Result "1/2-1/2"]
[WhiteElo "2007"]
[BlackElo "1836"]
[PlyCount "48"]
[EventDate "2018.??.??"]
[WhiteTeam "SF Verl"]
[BlackTeam "MS Halver-SchalksmÃ¼hle"]

1. d4 d5 2. c4 c6 3. Nf3 e6 4. cxd5 exd5 5. Nc3 Nf6 6. Bg5 Be7 7. Qc2 O-O 8. e3
h6 9. Bh4 Ne4 10. Bxe7 Qxe7 11. Nxe4 dxe4 12. Nd2 f5 13. Bc4+ Kh8 14. O-O Nd7
15. Rae1 Nf6 16. f3 Be6 17. fxe4 Bxc4 18. Nxc4 Qxe4 19. Qxe4 Nxe4 20. Ne5 Kh7
21. Rc1 Rad8 22. g3 g5 23. Nd3 Nd2 24. Rf2 Ne4 1/2-1/2

[Event "Sparkassen-Open A"]
[Site "Heusenstamm, Martinsee"]
[Date "2018.11.25"]
[Round "6.85"]
[White "Cortes Arias, Mariela"]
[Black "Berberich, Christoph"]
[Result "0-1"]
[WhiteElo "1831"]
[BlackElo "1997"]
[PlyCount "102"]
[EventDate "2018.??.??"]
[WhiteTeam "AJEZA"]
[BlackTeam "SGEM Dreisamtal"]

1. d4 Nf6 2. Nc3 g6 3. e4 d6 4. Be2 Bg7 5. h4 O-O 6. h5 c5 7. d5 e6 8. hxg6
hxg6 9. Bh6 Bxh6 10. Rxh6 Kg7 11. Qd2 exd5 12. exd5 Rh8 13. Rxh8 Qxh8 14. O-O-O
Na6 15. Nh3 Nc7 16. f4 Bf5 17. Rh1 Qh4 18. Bf3 Rh8 19. b3 b5 20. Nf2 Qg3 21.
Rxh8 Kxh8 22. Nce4 Bxe4 23. Nxe4 Nxe4 24. Bxe4 b4 25. f5 Kg7 26. fxg6 fxg6 27.
Qe2 Qg5+ 28. Kb1 Nxd5 29. Bxd5 Qxd5 30. Qe7+ Kh6 31. Qh4+ Qh5 32. Qf4+ Qg5 33.
Qf8+ Kh5 34. Qf3+ Qg4 35. Qd5+ g5 36. Qf7+ Kh4 37. Qf2+ Qg3 38. Qe2 Qe5 39.
Qf2+ Qg3 40. Qe2 Qf4 41. Qe1+ Kg4 42. Qe6+ Kg3 43. Qh3+ Kf2 44. g4 Kg1 45. Qh5
Kg2 46. Qg6 Kg3 47. Qe6 Qe5 48. Qf5 Qf4 49. Qe6 Kh4 50. Qd7 Qxg4 51. Qxd6 Qg1+
0-1

[Event "Sparkassen-Open A"]
[Site "Heusenstamm, Martinsee"]
[Date "2018.11.25"]
[Round "6.86"]
[White "Diehm, Alexander"]
[Black "Goetz, Jan"]
[Result "1/2-1/2"]
[WhiteElo "1995"]
[BlackElo "1869"]
[PlyCount "87"]
[EventDate "2018.??.??"]
[WhiteTeam "SC FK Babenhausen"]
[BlackTeam "SK Bad Homburg"]

1. d4 d5 2. Nf3 e6 3. e3 c6 4. Bd3 f5 5. O-O Nf6 6. b3 Bd6 7. Bb2 Qe7 8. Ne5
O-O 9. f3 b6 10. a3 Qc7 11. Nd2 Nbd7 12. f4 Ne4 13. c4 Nxd2 14. Qxd2 Nxe5 15.
fxe5 Be7 16. Rac1 Qd7 17. cxd5 cxd5 18. Qc2 Bg5 19. Rf3 Bb7 20. Qc7 Rf7 21.
Qxd7 Rxd7 22. Kf2 Rc8 23. Rxc8+ Bxc8 24. Ke2 Rc7 25. Rf1 Be7 26. Kd2 g6 27. Rc1
Rxc1 28. Bxc1 a6 29. Kc3 Kf8 30. Kb2 Ke8 31. Bd2 a5 32. b4 axb4 33. Bxb4 Bxb4
34. axb4 Bd7 35. Kc3 h5 36. Kd2 Kf7 37. Ke2 g5 38. Kf3 h4 39. g4 hxg3 40. Kxg3
b5 41. Be2 Kg7 42. h3 Kh6 43. Bf1 Kg7 44. Bd3 1/2-1/2

[Event "Sparkassen-Open A"]
[Site "Heusenstamm, Martinsee"]
[Date "2018.11.25"]
[Round "6.87"]
[White "Calvi, Stefan"]
[Black "MÃ¼dder, Melanie"]
[Result "1-0"]
[WhiteElo "1986"]
[BlackElo "1855"]
[PlyCount "149"]
[EventDate "2018.??.??"]
[WhiteTeam "SF Frankfurt"]
[BlackTeam "SG Solingen"]

1. e4 c5 2. c3 d5 3. exd5 Qxd5 4. d4 Nc6 5. Nf3 Bf5 6. Be3 Nf6 7. Nbd2 cxd4 8.
Bc4 Qd7 9. cxd4 e6 10. O-O Bd6 11. Bb3 O-O 12. Nc4 Bc7 13. Nfe5 Nxe5 14. dxe5
Nd5 15. Bc5 Rfd8 16. Nd6 Bxd6 17. Bxd6 Nc7 18. Qf3 Ne8 19. Ba3 Qb5 20. Rfe1 Nc7
21. g4 Bg6 22. Rac1 Rd3 23. Qg2 Nd5 24. Rc5 Qd7 25. Bxd5 Rxd5 26. Rxd5 exd5 27.
Rd1 Rc8 28. h3 d4 29. f4 Bc2 30. Rd2 d3 31. Qe4 Qc6 32. Qxc6 Rxc6 33. Kf2 f6
34. exf6 Rxf6 35. Kf3 Kf7 36. Bc5 Ra6 37. a3 Ke6 38. Ke4 Kf6 39. Bd4+ Kf7 40.
f5 Rh6 41. Bxa7 Rxh3 42. Kf4 Rh1 43. Rf2 Re1 44. Be3 Re2 45. Rxe2 dxe2 46. Bd2
g6 47. fxg6+ hxg6 48. Ke5 Ke7 49. Kd5 b5 50. Kc5 Ba4 51. Kb4 Bc2 52. Kxb5 Ke6
53. g5 Kd5 54. a4 Kd6 55. a5 Kc7 56. Bf4+ Kb7 57. a6+ Ka8 58. Bg3 Ka7 59. Bf2+
Kb8 60. Kb6 Bb3 61. Kb5 Kc7 62. Bg3+ Kc8 63. Kb4 Bd5 64. Ka4 Bc4 65. Ka5 Bb3
66. Kb4 Bd5 67. b3 Be6 68. Ka4 Kd7 69. b4 Kc6 70. b5+ Kc5 71. Bf2+ Kd6 72. Ka5
Bd5 73. Bg3+ Kd7 74. b6 Kc6 75. b7 1-0

[Event "Sparkassen-Open A"]
[Site "Heusenstamm, Martinsee"]
[Date "2018.11.25"]
[Round "6.88"]
[White "Krychevskiy, Dmytro"]
[Black "Rabiya, Karim"]
[Result "1-0"]
[WhiteElo "1986"]
[BlackElo "1754"]
[PlyCount "123"]
[EventDate "2018.??.??"]
[WhiteTeam "SV Oberursel"]
[BlackTeam "SK Niederbrechen"]

1. e4 Nf6 2. Nc3 e5 3. Nf3 Nc6 4. Bb5 d6 5. h3 g6 6. d3 Bg7 7. O-O Bd7 8. Bg5
Qe7 9. Nd5 Qd8 10. Nh2 h6 11. Nxf6+ Bxf6 12. Be3 Bg5 13. Bxc6 bxc6 14. Qd2 f5
15. f4 exf4 16. Bxf4 O-O 17. h4 Bxf4 18. Qxf4 g5 19. hxg5 hxg5 20. Qd2 f4 21.
Rae1 Qf6 22. d4 Rae8 23. e5 Qh6 24. Qd1 Qh4 25. exd6 cxd6 26. Qd2 Qh5 27. Qa5
Rf5 28. Qc7 Rxe1 29. Rxe1 Rf7 30. Qb8+ Kh7 31. Qxd6 g4 32. Re7 f3 33. Rxf7+
Qxf7 34. gxf3 gxf3 35. Nxf3 Qg7+ 36. Kf2 Bh3 37. Qg3 Bg4 38. Qh4+ Kg8 39. Qg5
Qxg5 40. Nxg5 Kg7 41. Ke3 Kf6 42. Ne4+ Ke6 43. c4 Bh5 44. Kd2 Bg6 45. Nc5+ Kd6
46. Kc3 Kc7 47. a3 a5 48. b4 axb4+ 49. axb4 Bh5 50. Ne6+ Kd6 51. Nf4 Bf3 52.
Kd3 Bg4 53. d5 cxd5 54. Nxd5 Bf3 55. Kd4 Bg2 56. b5 Kd7 57. Kc5 Bf1 58. Ne3 Be2
59. Kb6 Kc8 60. Ka7 Bd3 61. b6 Be4 62. Nd5 1-0

[Event "Sparkassen-Open A"]
[Site "Heusenstamm, Martinsee"]
[Date "2018.11.25"]
[Round "6.89"]
[White "Ohler, Julius"]
[Black "KÃ¼rschner, Matthias"]
[Result "0-1"]
[WhiteElo "1826"]
[BlackElo "1985"]
[PlyCount "162"]
[EventDate "2018.??.??"]
[WhiteTeam "SG Trier"]
[BlackTeam "SK Langen"]

1. d4 c5 2. d5 e5 3. e4 d6 4. c4 Be7 5. Nc3 Bg5 6. Bd3 a6 7. Nge2 Bxc1 8. Qxc1
Nh6 9. O-O O-O 10. f4 exf4 11. Nxf4 Ng4 12. Qd2 Qh4 13. h3 Ne5 14. Rae1 Nbd7
15. b3 Nf6 16. Bc2 Re8 17. Nd3 Nxd3 18. Qxd3 Nd7 19. a4 Ne5 20. Qd2 Bd7 21. a5
Rab8 22. Ne2 Re7 23. Nf4 Rbe8 24. Nd3 Nxd3 25. Bxd3 f5 26. Rf4 Qf6 27. Bb1 g5
28. Rff1 f4 29. b4 Rc8 30. bxc5 Rxc5 31. Rc1 Qe5 32. Qb4 Bc8 33. Qb6 Rec7 34.
Qb4 Re7 35. Qb6 Rec7 36. Qb4 Kg7 37. Kh1 h5 38. Bd3 Rf7 39. Qc3 Qxc3 40. Rxc3
Kf6 41. Ra3 Ke5 42. Kh2 g4 43. Ra2 Bd7 44. hxg4 hxg4 45. Rb2 Be8 46. Rfb1 Rh7+
47. Kg1 Rcc7 48. Be2 g3 49. Bd3 Bh5 50. Kf1 f3 51. gxf3 Bxf3 52. Ke1 Kd4 53.
Bf1 g2 54. Bxg2 Bxg2 55. Rd1+ Kxe4 56. Re2+ Kf5 57. Rxg2 Rh1+ 58. Ke2 Rxd1 59.
Kxd1 Rxc4 60. Rb2 Rd4+ 61. Kc2 Rxd5 62. Rxb7 Rxa5 63. Kd3 Ke5 64. Rh7 d5 65.
Rh5+ Kd6 66. Rh6+ Kc5 67. Rh8 Ra3+ 68. Kc2 Kc4 69. Rc8+ Kd4 70. Rh8 Ra2+ 71.
Kb1 Ra5 72. Kc2 Rc5+ 73. Kd2 Kc4 74. Rh3 Kb4 75. Rd3 a5 76. Rd4+ Kb3 77. Rd3+
Kb2 78. Rd4 Rb5 79. Ra4 Kb3 80. Rd4 a4 81. Kc1 a3 0-1

[Event "Sparkassen-Open A"]
[Site "Heusenstamm, Martinsee"]
[Date "2018.11.25"]
[Round "6.90"]
[White "Diez, Gerhard"]
[Black "Mehl, Ulrich"]
[Result "1-0"]
[WhiteElo "1984"]
[BlackElo "1629"]
[PlyCount "59"]
[EventDate "2018.??.??"]
[WhiteTeam "SC Bad Nauheim"]
[BlackTeam "Berkershm"]

1. e4 c6 2. d4 d5 3. exd5 cxd5 4. c4 Nf6 5. Nc3 Nc6 6. Bg5 e6 7. Nf3 dxc4 8.
Bxc4 Be7 9. O-O O-O 10. Re1 Na5 11. Bd3 b6 12. Ne5 Bb7 13. Ne4 Nxe4 14. Bxe7
Qxe7 15. Bxe4 Bxe4 16. Rxe4 Rac8 17. Qe2 Qc7 18. Re1 Nc6 19. Nf3 Rfd8 20. Qe3
Rd6 21. Qg5 Qd8 22. Qh5 Rd5 23. Ne5 Qe8 24. Rh4 h6 25. Rg4 Rxd4 26. Rg3 Rd5 27.
Qxh6 Qf8 28. Nf3 g6 29. Qh4 Rh5 30. Qxh5 1-0

[Event "Sparkassen-Open A"]
[Site "Heusenstamm, Martinsee"]
[Date "2018.11.25"]
[Round "6.91"]
[White "Hegel, Christoph"]
[Black "Bernhart, Joseph"]
[Result "1/2-1/2"]
[WhiteElo "1803"]
[BlackElo "1952"]
[PlyCount "56"]
[EventDate "2018.??.??"]
[WhiteTeam "SC Peiting"]
[BlackTeam "SG Kaiserslautern"]

1. e4 d5 2. Nc3 dxe4 3. Nxe4 Qd5 4. Nc3 Qd8 5. d4 Nf6 6. Bf4 Bg4 7. Be2 Bxe2 8.
Ncxe2 e6 9. Nf3 c6 10. O-O Qb6 11. Rb1 Be7 12. c4 O-O 13. b4 Qa6 14. Qb3 b5 15.
c5 Nd5 16. Bg3 Nd7 17. Nc3 Nxc3 18. Qxc3 Nf6 19. Qb3 Qb7 20. a4 a6 21. Ra1 Nd5
22. Rfb1 Rfd8 23. Ra3 h6 24. Rba1 Bf6 25. Bd6 Be7 26. Bg3 Bf6 27. Bd6 Be7 28.
Bg3 Bf6 1/2-1/2

[Event "Sparkassen-Open A"]
[Site "Heusenstamm, Martinsee"]
[Date "2018.11.25"]
[Round "6.92"]
[White "HÃ¶hne, Volkmar"]
[Black "Senatov, Boris"]
[Result "1-0"]
[WhiteElo "1960"]
[BlackElo "1735"]
[PlyCount "151"]
[EventDate "2018.??.??"]
[WhiteTeam "SV GroÃŸauheim"]
[BlackTeam "SC Heusenstamm"]

1. d4 Nf6 2. c4 e6 3. Nf3 b6 4. g3 Bb7 5. Bg2 c6 6. O-O d5 7. Nbd2 Bd6 8. b3
Nbd7 9. Bb2 c5 10. e3 O-O 11. Ne5 Qc7 12. Nxd7 Nxd7 13. Rc1 dxc4 14. Nxc4 Bxg2
15. Kxg2 Qb7+ 16. Qf3 Qxf3+ 17. Kxf3 Be7 18. Rfd1 Rfd8 19. Ke2 cxd4 20. Bxd4
Nf6 21. f3 Rac8 22. Ne5 Ba3 23. Rc4 Rxc4 24. Nxc4 Be7 25. e4 Ne8 26. Be5 Rxd1
27. Kxd1 b5 28. Na5 Bd6 29. Bxd6 Nxd6 30. Nc6 a6 31. Kc2 Nb7 32. Kc3 a5 33. a3
f6 34. Kd4 Kf7 35. b4 axb4 36. axb4 Ke8 37. Na7 Kd7 38. Nxb5 Kc6 39. Kc4 Kb6
40. f4 g6 41. e5 fxe5 42. fxe5 Nd8 43. Nd4 Nf7 44. Nxe6 Nxe5+ 45. Kd5 Ng4 46.
h3 Nf2 47. h4 h6 48. Ke5 g5 49. h5 Nh1 50. g4 Nf2 51. Kf5 Nd1 52. Ke4 Nf2+ 53.
Kf3 Nd3 54. Nd4 Ne5+ 55. Kg3 Ka6 56. Nf5 Nf7 57. Kf2 Kb5 58. Ke3 Kxb4 59. Kd4
Kb3 60. Kd5 Kc3 61. Ke6 Nd8+ 62. Kf6 Kd3 63. Nxh6 Ke4 64. Kxg5 Ke5 65. Kh4 Kf6
66. g5+ Kg7 67. Nf5+ Kf7 68. h6 Ne6 69. Kg4 Nf8 70. Nh4 Kg8 71. Kf5 Kh7 72. Nf3
Ng6 73. Ne5 Nh8 74. Kf6 Kg8 75. g6 Nxg6 76. Kxg6 1-0

[Event "Sparkassen-Open A"]
[Site "Heusenstamm, Martinsee"]
[Date "2018.11.25"]
[Round "6.93"]
[White "Lehmann, Nils"]
[Black "Kalepky, Helmut"]
[Result "0-1"]
[WhiteElo "1665"]
[BlackElo "1960"]
[PlyCount "182"]
[EventDate "2018.??.??"]
[WhiteTeam "SV Lahn Limburg"]
[BlackTeam "SF Heidesheim"]

1. e4 c5 2. Nf3 d6 3. d4 cxd4 4. Nxd4 Nf6 5. Nc3 a6 6. Be3 Ng4 7. Qd2 Nxe3 8.
Qxe3 g6 9. O-O-O Bg7 10. f4 Bg4 11. Be2 Bxe2 12. Ncxe2 Qb6 13. Qf3 Nc6 14. Nb3
Rc8 15. c3 a5 16. Kb1 a4 17. Nbd4 Na5 18. f5 Be5 19. fxg6 hxg6 20. Rhf1 O-O 21.
Nf4 Bxf4 22. Qxf4 Nc4 23. Qc1 Ne5 24. Rf4 Kg7 25. Rh4 Rh8 26. Rxh8 Rxh8 27. h3
Nc4 28. Re1 e5 29. Nc2 Qf2 30. Ne3 Nxe3 31. Qxe3 Qxg2 32. Qb6 Rxh3 33. Qxd6 Rh5
34. Qc7 Qf2 35. Rc1 b6 36. Qc6 a3 37. Qb5 axb2 38. Rc2 Qe1+ 39. Kxb2 Qxe4 40.
Qxb6 Qc4 41. Rf2 Rf5 42. Rxf5 gxf5 43. Qe3 f6 44. Qg1+ Qg4 45. Qa7+ Kg6 46. Qd7
Qe2+ 47. Kb3 f4 48. Qe8+ Kf5 49. Qd7+ Ke4 50. Qc6+ Ke3 51. Qxf6 Kd2 52. Qd8+
Qd3 53. Qg5 Qxc3+ 54. Ka4 Qd4+ 55. Kb3 Ke2 56. Qg2+ Qf2 57. Qxf2+ Kxf2 58. a4
e4 59. a5 e3 60. a6 e2 61. a7 e1=Q 62. a8=Q Qd1+ 63. Kc4 Qe2+ 64. Kd4 Qe3+ 65.
Kc4 f3 66. Qb7 Kf1 67. Qb1+ Qe1 68. Qf5 Qe2+ 69. Kd4 f2 70. Qh3+ Ke1 71. Qg3
Qd2+ 72. Kc5 Kd1 73. Qf3+ Kc2 74. Qe4+ Kb2 75. Qg2 Kc1 76. Qf1+ Kc2 77. Qg2
Qe3+ 78. Kd6 Kd1 79. Qg4+ Kd2 80. Qb4+ Ke2 81. Qg4+ Qf3 82. Qe6+ Kf1 83. Kd7
Kg2 84. Qg6+ Kh2 85. Qc2 Kg3 86. Qc7+ Kh3 87. Qd6 Qg4+ 88. Ke8 f1=Q 89. Qh6+
Kg2 90. Qc6+ Qff3 91. Qc2+ Qe2+ 0-1

[Event "Sparkassen-Open A"]
[Site "Heusenstamm, Martinsee"]
[Date "2018.11.25"]
[Round "6.94"]
[White "Skarke, Harald"]
[Black "HÃ¤nselmann, Hendrik"]
[Result "1/2-1/2"]
[WhiteElo "1958"]
[BlackElo "1705"]
[PlyCount "46"]
[EventDate "2018.??.??"]
[WhiteTeam "SF Neuberg"]
[BlackTeam "Karlsruher SF"]

1. e4 c5 2. c3 d5 3. exd5 Qxd5 4. d4 Nf6 5. Nf3 Nc6 6. Be3 cxd4 7. cxd4 e6 8.
Nc3 Qd8 9. Bb5 Be7 10. Ne5 Bd7 11. Nxc6 Bxc6 12. Bxc6+ bxc6 13. Qa4 Qd7 14. O-O
O-O 15. Rac1 Qb7 16. Qc2 Rfc8 17. Na4 Nd5 18. a3 Rab8 19. b4 h6 20. Rb1 Qc7 21.
Bd2 Bd6 22. g3 Rb5 23. Rfc1 Be7 1/2-1/2

[Event "Sparkassen-Open A"]
[Site "Heusenstamm, Martinsee"]
[Date "2018.11.25"]
[Round "6.95"]
[White "Wuerl, Roland"]
[Black "Renk, Jonas"]
[Result "1-0"]
[WhiteElo "1948"]
[BlackElo "1607"]
[PlyCount "63"]
[EventDate "2018.??.??"]
[WhiteTeam "SK Dieburg"]
[BlackTeam "SK Langen"]

1. d4 Nf6 2. Nf3 g6 3. c4 Bg7 4. Nc3 O-O 5. e4 d6 6. h3 e5 7. d5 Na6 8. Be3 Nc5
9. Nd2 a5 10. g4 Ne8 11. h4 f5 12. gxf5 gxf5 13. Be2 Nf6 14. Qc2 Nfxe4 15.
Ndxe4 Nxe4 16. Nxe4 fxe4 17. Qxe4 Bf5 18. Qg2 Qf6 19. O-O-O Kh8 20. Bg5 Qf7 21.
Rhg1 h6 22. Be3 Qf6 23. Bg4 Bh7 24. Be6 c5 25. h5 Ra6 26. Qxg7+ Qxg7 27. Rxg7
Kxg7 28. Rg1+ Kf6 29. Bxh6 Raa8 30. Bg7+ Ke7 31. Bxf8+ Kxf8 32. h6 1-0

[Event "Sparkassen-Open A"]
[Site "Heusenstamm, Martinsee"]
[Date "2018.11.25"]
[Round "6.96"]
[White "Pohle, Saskia"]
[Black "Reinhard, Ralf-Peter"]
[Result "1-0"]
[WhiteElo "1656"]
[BlackElo "1943"]
[PlyCount "61"]
[EventDate "2018.??.??"]
[WhiteTeam "Muldental Wilkau-HaÃŸlau"]
[BlackTeam "vereinslos"]

1. e4 e6 2. d4 b6 3. Nc3 Bb7 4. Nf3 Nf6 5. e5 Nd5 6. Nxd5 Bxd5 7. Bd3 c5 8. Be2
cxd4 9. Qxd4 Nc6 10. Qd1 Ne7 11. O-O Ng6 12. Be3 Qc7 13. Bd4 Be7 14. Bd3 Qb7
15. c3 Nf4 16. Bc2 g5 17. Be3 Nxg2 18. Ne1 Nxe1 19. Rxe1 Bf3 20. Qd3 Bg2 21.
Bd2 O-O-O 22. b4 g4 23. a4 Bh3 24. Qe4 h5 25. a5 d5 26. exd6 Bxd6 27. Bg5 Bc7
28. axb6 Bxh2+ 29. Kh1 axb6 30. Ra8+ Kd7 31. Ba4+ 1-0

[Event "Sparkassen-Open A"]
[Site "Heusenstamm, Martinsee"]
[Date "2018.11.25"]
[Round "6.97"]
[White "Armbrust, Matthias"]
[Black "Hochmuth, Christian"]
[Result "1-0"]
[WhiteElo "1830"]
[BlackElo "1907"]
[PlyCount "63"]
[EventDate "2018.??.??"]
[WhiteTeam "SF Lindlar"]
[BlackTeam "SG WÃ¤chtersbach"]

1. e4 c6 2. d4 d5 3. e5 c5 4. c3 Nc6 5. Be3 cxd4 6. cxd4 Bf5 7. Bd3 Bxd3 8.
Qxd3 e6 9. Nf3 Nge7 10. O-O Nf5 11. Nc3 h5 12. Rac1 Be7 13. a3 g5 14. b4 g4 15.
Nd2 h4 16. Ne2 Rg8 17. Nb3 Rb8 18. Nc5 Bxc5 19. Rxc5 Rc8 20. Rfc1 Kd7 21. Nf4
Nxe3 22. fxe3 a6 23. Nxd5 Rg6 24. b5 axb5 25. Qxb5 Ke8 26. Nf6+ Rxf6 27. exf6
g3 28. hxg3 Kf8 29. Qxb7 Rc7 30. Qb6 Nxd4 31. exd4 Qxd4+ 32. Kh1 1-0

[Event "Sparkassen-Open A"]
[Site "Heusenstamm, Martinsee"]
[Date "2018.11.25"]
[Round "6.98"]
[White "Schmitt, Clemens"]
[Black "Heppert, Lars"]
[Result "0-1"]
[WhiteElo "1746"]
[BlackElo "1940"]
[PlyCount "60"]
[EventDate "2018.??.??"]
[WhiteTeam "SV Bergwinkel"]
[BlackTeam "SK Neuburg"]

1. c4 e5 2. g3 Nc6 3. Bg2 g6 4. Nc3 Bg7 5. e4 Nge7 6. Nge2 d6 7. O-O O-O 8. d3
f5 9. f4 fxe4 10. Nxe4 Bg4 11. N4c3 Qd7 12. Qb3 Rab8 13. Be3 Nf5 14. Bf2 exf4
15. Nxf4 Ncd4 16. Qa4 Qxa4 17. Nxa4 Ne2+ 18. Nxe2 Bxe2 19. Rfe1 Bxd3 20. c5 Nd4
21. cxd6 cxd6 22. Bd5+ Kh8 23. Re7 Ne2+ 24. Kg2 b5 25. Rd1 bxa4 26. Rxd3 Rxb2
27. Rxg7 Kxg7 28. Re3 Nd4 29. Re7+ Kh6 30. Bf7 Nc6 0-1

[Event "Sparkassen-Open A"]
[Site "Heusenstamm, Martinsee"]
[Date "2018.11.25"]
[Round "6.99"]
[White "Marchese, Gaspare"]
[Black "Lanz, Udo"]
[Result "1-0"]
[WhiteElo "1908"]
[BlackElo "1837"]
[PlyCount "47"]
[EventDate "2018.??.??"]
[WhiteTeam "SC Matt im Park"]
[BlackTeam "VSG Offenbach"]

1. e4 g6 2. d4 Bg7 3. Nc3 c5 4. dxc5 Bxc3+ 5. bxc3 Qa5 6. Nf3 Qxc3+ 7. Bd2 Qxc5
8. Bd3 Nf6 9. O-O O-O 10. Rb1 d6 11. h3 b6 12. Qe2 Nbd7 13. Rb5 Qc7 14. Rb3 Nc5
15. Rc3 Kg7 16. Qe3 Qd8 17. Qh6+ Kh8 18. Ng5 Ne6 19. f4 Bb7 20. f5 Nxg5 21.
Bxg5 Nxe4 22. Bxe4 Bxe4 23. f6 Rg8 24. Rf4 1-0

[Event "Sparkassen-Open A"]
[Site "Heusenstamm, Martinsee"]
[Date "2018.11.25"]
[Round "6.100"]
[White "Steinke, Hans-JÃ¶rg"]
[Black "BÃ¼se, Ralf"]
[Result "1/2-1/2"]
[WhiteElo "1791"]
[BlackElo "1906"]
[PlyCount "27"]
[EventDate "2018.??.??"]
[WhiteTeam "SV Datteln"]
[BlackTeam "SC Ladja RoÃŸdorf"]

1. d4 e6 2. c4 f5 3. Nc3 Nf6 4. g3 c6 5. Bg2 d5 6. cxd5 exd5 7. Nf3 Bd6 8. O-O
O-O 9. Ne5 Nbd7 10. Bf4 Qe7 11. e3 Nb6 12. b3 Be6 13. h3 Ne4 14. Nxe4 1/2-1/2

[Event "Sparkassen-Open A"]
[Site "Heusenstamm, Martinsee"]
[Date "2018.11.25"]
[Round "6.101"]
[White "Deutsch, Christoph"]
[Black "Midanka, Vladimir Josef"]
[Result "1-0"]
[WhiteElo "1876"]
[BlackElo "1771"]
[PlyCount "95"]
[EventDate "2018.??.??"]
[WhiteTeam "SK GrÃ¼ndau"]
[BlackTeam "SC Brett vorm Kopp"]

1. e4 d6 2. d4 g6 3. Nf3 Bg7 4. Bd3 Nf6 5. O-O O-O 6. h3 Nc6 7. d5 Nb8 8. c4
Nbd7 9. Nc3 Nc5 10. b4 Ncxe4 11. Bb2 Nxc3 12. Bxc3 e5 13. dxe6 fxe6 14. Re1 e5
15. c5 Nh5 16. Bc4+ Kh8 17. cxd6 cxd6 18. Rc1 Qf6 19. Bd5 Nf4 20. Be4 Qe7 21.
Bd2 Be6 22. Bxf4 Rxf4 23. a3 Rff8 24. Bd5 Rac8 25. Qd2 Rxc1 26. Rxc1 Bf6 27.
Bxe6 Qxe6 28. Rc7 Rf7 29. Rxf7 Qxf7 30. Qxd6 e4 31. Nd2 e3 32. fxe3 a6 33. Ne4
Bh4 34. Qb8+ Kg7 35. g3 Qe7 36. Qf4 g5 37. Qf3 Qc7 38. gxh4 Qc1+ 39. Kg2 Qc2+
40. Nf2 gxh4 41. Qxb7+ Kf8 42. Qxa6 Qf5 43. Qa8+ Kf7 44. Qb7+ Kg8 45. Qb8+ Kg7
46. Qc7+ Kg8 47. Qc4+ Kh8 48. Qd4+ 1-0

[Event "Sparkassen-Open A"]
[Site "Heusenstamm, Martinsee"]
[Date "2018.11.25"]
[Round "6.102"]
[White "Eg, Karlheinz"]
[Black "Nickel, Jonas"]
[Result "1-0"]
[WhiteElo "1872"]
[BlackElo "1788"]
[PlyCount "67"]
[EventDate "2018.??.??"]
[WhiteTeam "SV RÃ¼sselsheim"]
[BlackTeam "SG WÃ¤chtersbach"]

1. e4 c5 2. Nf3 g6 3. d4 cxd4 4. Qxd4 Nf6 5. e5 Nc6 6. Qc4 d5 7. Qf4 Ng8 8. Nc3
Bg7 9. Nxd5 Bh6 10. Qc4 Be6 11. Bxh6 Nxh6 12. O-O-O Qa5 13. Qb5 Qxb5 14. Nc7+
Kf8 15. Bxb5 Rc8 16. Nxe6+ fxe6 17. Rd7 Nxe5 18. Nxe5 Rc5 19. Nxg6+ hxg6 20.
Rxb7 Kf7 21. c4 Ng4 22. h3 a5 23. Rf1 Ne5 24. b3 Rhc8 25. Kc2 g5 26. g3 Nf3 27.
Kb2 Re5 28. Rd1 Re2+ 29. Kc3 Rxa2 30. Rdd7 Rxf2 31. Rxe7+ Kg6 32. Rxe6+ Kf5 33.
Bd7 Rd8 34. Rb5+ 1-0

[Event "Sparkassen-Open A"]
[Site "Heusenstamm, Martinsee"]
[Date "2018.11.25"]
[Round "6.103"]
[White "Bittner, Peter"]
[Black "Eurich, Jannik"]
[Result "0-1"]
[WhiteElo "1869"]
[BlackElo "1642"]
[PlyCount "74"]
[EventDate "2018.??.??"]
[WhiteTeam "SC Nied"]
[BlackTeam "SK Langen"]

1. e4 c5 2. Nf3 d6 3. d4 cxd4 4. Nxd4 Nf6 5. Nc3 a6 6. f3 e5 7. Nb3 Be6 8. Be3
Be7 9. Be2 O-O 10. O-O b5 11. a3 Nbd7 12. Qe1 Nb6 13. Na5 Rc8 14. Qf2 Nc4 15.
Nxc4 Bxc4 16. Rad1 Qc7 17. Rd2 Qb7 18. Bxc4 Rxc4 19. Nd5 Nxd5 20. Rxd5 f5 21.
b3 Rc7 22. Qd2 fxe4 23. fxe4 Rxf1+ 24. Kxf1 Qc8 25. c4 bxc4 26. b4 c3 27. Qc2
Qg4 28. h3 Qg6 29. Bd2 Qg3 30. Be1 Qh2 31. Bf2 Qf4 32. Ke2 Rc4 33. g3 Rxe4+ 34.
Kf1 Qf3 35. h4 Qh1+ 36. Bg1 Re1+ 37. Kxe1 Qxg1+ 0-1

[Event "Sparkassen-Open A"]
[Site "Heusenstamm, Martinsee"]
[Date "2018.11.25"]
[Round "6.104"]
[White "HÃ¶lÃŸ, Manuel"]
[Black "Diehl, Stefan"]
[Result "1-0"]
[WhiteElo "1724"]
[BlackElo "1859"]
[PlyCount "27"]
[EventDate "2018.??.??"]
[WhiteTeam "SSG Hungen-Lich"]
[BlackTeam "SC HÃ¶chst"]

1. e4 d5 2. exd5 Qxd5 3. Nc3 Qa5 4. d4 Nf6 5. Nf3 Bf5 6. Bd2 c6 7. Ne5 e6 8. g4
Bg6 9. h4 Ne4 10. Nxe4 Qd5 11. Ng3 Bd6 12. Bf4 Be4 13. c4 Bb4+ 14. Ke2 1-0

[Event "Sparkassen-Open A"]
[Site "Heusenstamm, Martinsee"]
[Date "2018.11.25"]
[Round "6.105"]
[White "Engel, Jan"]
[Black "Werner, Rosalie"]
[Result "1-0"]
[WhiteElo "1859"]
[BlackElo "1584"]
[PlyCount "87"]
[EventDate "2018.??.??"]
[WhiteTeam "Frankfurter TV"]
[BlackTeam "VSG Offenbach"]

1. d4 d5 2. c4 e6 3. Nc3 Nf6 4. Bg5 Nbd7 5. e3 Be7 6. Nf3 c6 7. cxd5 exd5 8.
Bd3 O-O 9. O-O Re8 10. Qc2 Nf8 11. Rab1 a5 12. a3 g6 13. b4 axb4 14. axb4 Ne6
15. Bxf6 Bxf6 16. b5 Ng7 17. bxc6 bxc6 18. Na4 Ba6 19. Nc5 Bxd3 20. Nxd3 Qc7
21. Rfc1 Rac8 22. g3 Red8 23. Nfe5 Bxe5 24. Nxe5 Rd6 25. Nxc6 Rxc6 26. Qxc6
Qxc6 27. Rxc6 Rxc6 28. Rb8+ Ne8 29. Rxe8+ Kg7 30. Rd8 Kf6 31. Rxd5 Ke6 32. Re5+
Kd6 33. Ra5 Rc7 34. Kg2 f5 35. h4 h6 36. Ra6+ Rc6 37. Rxc6+ Kxc6 38. Kf3 Kd5
39. Kf4 Ke6 40. f3 Kf6 41. e4 g5+ 42. hxg5+ hxg5+ 43. Ke3 fxe4 44. fxe4 1-0